| 000 | 01309nam a22002657a 4500 | ||
|---|---|---|---|
| 005 | 20170124103132.0 | ||
| 010 | _aB-260043 | ||
| 020 |
_c450.00 _a8180180638 |
||
| 035 | _aB-260043 | ||
| 037 | _bCen Lib/Ret | ||
| 040 |
_aDPL _bHN |
||
| 082 |
_a384.041 _bरत्तूकृ |
||
| 100 |
_aरत्तू, कृष्ण कुमार _984417 |
||
| 245 |
_aविश्व मीडिया बाज़ार : _cकृष्ण कुमार रत्तू _bसमाज,भाषा,ई-प्रौद्योगिकी,आतंक / |
||
| 246 |
_aVishv media bazar : samaj,bhasha,e-praudyogiki,aatank / _bby Krishn Kumar Rattu |
||
| 260 |
_aजयपुर _bनेशनल पब्लिशिंग हाउस _c2006 |
||
| 270 |
_a337, चौड़ा रास्ता _bजयपुर _e302 003 |
||
| 300 |
_aviii,288पृ. _c20सेमी(सजिल्द) |
||
| 500 | _aअनुक्रमाणिका शामिल | ||
| 650 |
_aमीडिया बाजार -- प्रबन्ध _984418 |
||
| 650 |
_aमीडिया भाषा और अनुवाद _984419 |
||
| 650 |
_aMedia Market - Management _984420 |
||
| 650 |
_aMedia language and translation _984421 |
||
| 942 |
_2ddc _cHN _h384.041 _mरत्तूकृ |
||
| 999 |
_c119337 _d119337 |
||